| 000 | 00743cam a2200217 a 4500 | ||
|---|---|---|---|
| 082 | 0 | 4 |
_a510 _bBAR _cL-39, P-170 |
| 100 | 1 |
_aBarbeau, Edward, _938801 |
|
| 245 | 1 | 0 |
_aFive hundred mathematical challenges _cEdward J. Barbeau, Murray S. Klamkin, William O.J. Moser. |
| 260 |
_a[Washington, D.C.] : _bMathematical Association of America, _cc1995. |
||
| 300 |
_axi, 227 p. : _bill. |
||
| 490 | 1 | _aSpectrum series | |
| 500 | _aIncludes index. | ||
| 526 |
_a0 _b0 _c0 _d510_000000000000000_BAR |
||
| 650 | 0 | _aMathematics | |
| 650 | 0 |
_aMCE _9379 |
|
| 700 | 1 |
_aKlamkin, Murray S. _938802 |
|
| 700 | 1 |
_aMoser, W. O. J. _938803 |
|
| 710 | 2 |
_aebrary, Inc. _9622 |
|
| 856 | 4 | 0 | _uhttp://www.columbia.edu/cgi-bin/cul/resolve?clio10580595 |
| 942 |
_2ddc _cBK |
||
| 999 |
_c543441 _d543441 |
||